ロード中...

Something happened on the way

書誌詳細
第一著者: Sudha Murty
フォーマット: Printed Book
出版事項: Penguin Books
LEADER 00293 a2200097 4500
100 |a Sudha Murty 
245 |a Something happened on the way 
260 |b Penguin Books 
942 |c BK  |6 _ 
999 |c 71032  |d 71032 
952 |0 0  |1 0  |4 0  |6 _  |7 0  |9 82999  |a UL  |b UL  |d 2015-03-09  |e 263  |g 0.00  |p 00073670  |r 2015-03-13  |v 0.00  |w 2015-03-09  |y BK